Analítica visual : cómo explorar, analizar y comunicar datos /
Guardado en:
| Autor Principal: | |
|---|---|
| Otros Autores: | |
| Formato: | Libro |
| Idioma: | Spanish |
| Publicado: |
Madrid :
Anaya Multimedia,
c2020.
|
| Series: | Social media.
|
| Materias: | |
| Etiquetas: |
Agregar Etiqueta
Sin Etiquetas, Sea el primero en etiquetar este registro!
|
| LEADER | 00746nam a22002175a 4500 | ||
|---|---|---|---|
| 001 | EAD.ead004580 | ||
| 008 | 220817s2020####sp############001#0#spa#d | ||
| 005 | 20220817121556.0 | ||
| 245 | 1 | 0 | |a Analítica visual : |b cómo explorar, analizar y comunicar datos / |c Víctor Pascual Cid, Pere Rovira Samblancat. |
| 260 | |a Madrid : |b Anaya Multimedia, |c c2020. | ||
| 300 | |a 221 p. : |b il. col. ; |c 23 cm. | ||
| 490 | 1 | |a Social media | |
| 500 | |a Incluye índice. | ||
| 020 | |a 9788141541986 | ||
| 100 | 1 | |a Pascual Cid, Víctor. | |
| 700 | 1 | |a Rovira Samblancat, Pere. | |
| 830 | 0 | |a Social media. | |
| 082 | 0 | 4 | |a 658.4038 |2 21 |
| 650 | 7 | |a Análisis de datos. |2 unbist | |
| 653 | |a Analítica visual | ||
| 859 | |a AR-BaBDC |b BIB. ADMINISTRACION - Libros |h 658.4038 |i P263 |p b07230 | ||
